|
|
|
|
| LEADER |
00000nam a22000007a 4500 |
| 005 |
20181222162921.0 |
| 007 |
cr|||| |||| |
| 008 |
181222s2017 co |||||s|||| 00||0 spa d |
| 020 |
|
|
|a 978-958-762-700-8
|
| 035 |
|
|
|a 22595
|
| 040 |
|
|
|a vLex
|
| 090 |
|
|
|c 8373
|d 8373
|
| 100 |
1 |
|
|a Cano Morales, Abel Mara̕
|
| 245 |
1 |
0 |
|a Matemt̀icas financieras, aplicada a ciencias econm̤icas, administrativas y contables
|h [Recurso electrn̤ico] /
|c Abel Mara̕ Cano Morales
|
| 250 |
|
|
|a 2da. edicin̤
|
| 256 |
|
|
|a Servicio en ln̕ea
|
| 260 |
|
|
|a Bogot:̀
|b Ediciones de la U,
|c 2017
|
| 300 |
|
|
|a 1 recurso electrn̤ico
|
| 506 |
1 |
|
|a Disponible solo en los productos indicados
|d vLex Global
|d vLex Global (Academic Edition, excluding Law Schools)
|d vLex Global (U.S. Academic Edition, Law Schools)
|d vLex Global (U.S. Academic Edition, excluding Law Schools)
|d vLex Global (Academic Edition, Law Schools)
|
| 650 |
0 |
4 |
|a Economa̕ y negocios
|z Colombia
|
| 740 |
0 |
|
|a vLex Libros (Servicio en ln̕ea)
|
| 856 |
4 |
0 |
|u http://vlex.com/source/matematicas-financieras-aplicada-ciencias-economicas-administrativas-contables-2da-edicion-22595
|z Acceso restringido
|
| 942 |
|
|
|c BOOK
|
| 999 |
0 |
|
|a Economy and business
|